Reestablecer la esperanza en el Afganistán /
| Ente Autore: | |
|---|---|
| Natura: | Libro |
| Lingua: | spagnolo |
| Pubblicazione: |
New York, US:
Fondo de las Naciones Unidas para la Infancia,
2001
|
| Soggetti: |
MARC
| LEADER | 00000nam a2200000Ia 4500 | ||
|---|---|---|---|
| 008 | 170519b2001 us a|||| |||| 00| | spa d | ||
| 999 | |c 1233 |d 1233 | ||
| 090 | |a 01.04.06 |b 1739 | ||
| 110 | 2 | |9 569 |a UNICEF | |
| 245 | 1 | 0 | |a Reestablecer la esperanza en el Afganistán / |c UNICEF |
| 260 | |a New York, US: |b Fondo de las Naciones Unidas para la Infancia, |c 2001 | ||
| 300 | |a 42 páginas; |b ilustraciones | ||
| 650 | 1 | 4 | |a POBLACIÓN |9 78 |
| 650 | 1 | 4 | |a NIÑOS |9 59 |
| 650 | 1 | 4 | |a NIÑAS |9 60 |
| 651 | 4 | |a AFGANISTÁN |9 2770 | |
| 942 | |i 002940 |h 01.04.06 1739 |2 z |c 01 | ||
